[Event "CRO-ch U15"]
[Site "Trogir"]
[Date "2021.06.19"]
[Round "2"]
[White "Bunic, Emanuel"]
[Black "Kurtovic, Darko"]
[Result "1-0"]
[WhiteElo "1854"]
[BlackElo "1423"]
[PlyCount "123"]
[EventDate "2021.06.18"]
[EventType "swiss"]
[EventRounds "9"]
[EventCountry "CRO"]
[SourceTitle "EXT 2022"]
[Source "ChessBase"]
[SourceDate "2021.10.06"]
[SourceVersion "1"]
[SourceVersionDate "2021.10.06"]
[SourceQuality "1"]

1. d4 Nf6 2. c4 e6 3. Nc3 Bb4 4. e3 0-0 5. Bd3 d5 6. Nf3 dxc4 7. Bxc4 c5 8. 0-0 cxd4 9. exd4 Bxc3 10. bxc3 Qc7 11. Qd3 Nc6 12. Re1 Na5 13. Bb3 Nxb3 14. axb3 h6 15. Ne5 Nd5 16. Bd2 Ne7 17. Rac1 Nc6 18. Ng4 f5 19. Ne5 Nxe5 20. Rxe5 Rf6 21. Bf4 Qf7 22. Rc5 Qh5 23. Qd1 Qxd1+ 24. Rxd1 Rf7 25. b4 b6 26. Rc6 Bd7 27. Rc7 Ba4 28. Rxf7 Kxf7 29. Ra1 Bc6 30. c4 b5 31. Ra6 Be8 32. c5 Bd7 33. Kf1 Bc8 34. Rc6 g5 35. Be5 f4 36. Rc7+ Kg6 37. g4 fxg3 38. fxg3 Kf5 39. Ke2 Ba6 40. Kf3 g4+ 41. Ke3 h5 42. Rf7+ Kg5 43. Rf6 Bc8 44. Rf8 Bb7 45. Rf7 Bd5 46. Bc7 Kg6 47. Rd7 Bc6 48. Rd6 Bd5 49. Bd8 Rc8 50. Kf4 Rc6 51. Rd7 Ra6 52. Ba5 Bc6 53. Rd6 Bb7 54. Rxa6 Bxa6 55. Ke5 Kf7 56. Kd6 Ke8 57. Kxe6 Bb7 58. d5 Bc8+ 59. Kd6 Bd7 60. c6 Bc8 61. Kc7 Bf5 62. d6 1-0

[Event "CRO-ch U13"]
[Site "Trogir"]
[Date "2020.08.26"]
[Round "4"]
[White "Kurtovic, Darko"]
[Black "Zadro, Matej"]
[Result "0-1"]
[WhiteElo "1436"]
[BlackElo "1654"]
[PlyCount "92"]
[EventDate "2020.08.24"]
[EventType "swiss"]
[EventRounds "9"]
[EventCountry "CRO"]
[SourceTitle "CBM 198 Extra"]
[Source "ChessBase"]
[SourceDate "2020.11.30"]
[SourceVersion "1"]
[SourceVersionDate "2020.11.30"]
[SourceQuality "1"]

1. c4 Nf6 2. Nf3 g6 3. Nc3 Bg7 4. g3 0-0 5. Bg2 d6 6. d4 c6 7. 0-0 Bf5 8. Nh4 Be6 9. Nf3 Bxc4 10. Re1 d5 11. b3 Ba6 12. Ba3 Nbd7 13. Rc1 Re8 14. Ne5 Nxe5 15. dxe5 Ng4 16. f4 Qb6+ 17. e3 Nxe3 18. Na4 Nxd1+ 19. Nxb6 axb6 20. Rcxd1 Bb5 21. Bc1 Rxa2 22. b4 e6 23. Be3 Ra6 24. Ra1 Rea8 25. Rac1 Bf8 26. Rb1 Bd3 27. Rb2 b5 28. Bc5 Bxc5+ 29. bxc5 Bc4 30. Bf1 Bxf1 31. Rxf1 Ra1 32. Rbb1 R1a2 33. Rf2 Kf8 34. Rbb2 Rxb2 35. Rxb2 Ke7 36. Rc2 Kd7 37. Kf2 Kc7 38. Ke3 Ra3+ 39. Kd2 b6 40. cxb6+ Kb7 41. Kc1 Kxb6 42. Kb2 b4 43. Re2 c5 44. Rf2 c4 45. Rc2 c3+ 46. Kb1 d4 0-1

[Event "Hvar op U16 3rd"]
[Site "Hvar"]
[Date "2019.10.07"]
[Round "4"]
[White "Kurtovic, Darko"]
[Black "Ostojic, Ana A"]
[Result "1/2-1/2"]
[WhiteElo "1363"]
[BlackElo "1478"]
[PlyCount "117"]
[EventDate "2019.10.05"]
[EventType "swiss"]
[EventRounds "6"]
[EventCountry "CRO"]
[SourceTitle "CBM 193 Extra"]
[Source "ChessBase"]
[SourceDate "2020.01.31"]
[SourceVersion "1"]
[SourceVersionDate "2020.01.31"]
[SourceQuality "1"]

1. d4 d5 2. c4 e6 3. Nc3 Nf6 4. Bf4 Nbd7 5. e3 Be7 6. Nf3 0-0 7. Bd3 dxc4 8. Bxc4 b6 9. Bd3 Bb7 10. 0-0 h6 11. Nb5 c5 12. Nd6 Bxd6 13. Bxd6 Re8 14. dxc5 Nxc5 15. Bxc5 bxc5 16. Be2 Qc7 17. Qc2 Ng4 18. g3 Rec8 19. Rac1 Ne5 20. Nd4 Qe7 21. Nb3 Qf6 22. f4 Nd7 23. Bf3 Bxf3 24. Rxf3 Rab8 25. Kf2 a5 26. Qc3 Qxc3 27. bxc3 a4 28. Na5 Rb2+ 29. Kg1 Rxa2 30. Rf2 Rxf2 31. Kxf2 Ra8 32. Nc4 Ra6 33. Ra1 Kf8 34. Ke2 Ke8 35. Ra3 Kd8 36. Kd3 Kc7 37. Ne5 Nxe5+ 38. fxe5 Kb7 39. Kc4 Kc6 40. e4 h5 41. h3 f6 42. exf6 gxf6 43. Ra2 Kb6 44. Rb2+ Kc6 45. Ra2 Ra5 46. Ra3 Kd6 47. Kd3 Ke5 48. Ke3 f5 49. exf5 exf5 50. c4 Ra8 51. Ra2 a3 52. Kd3 f4 53. g4 hxg4 54. hxg4 f3 55. Ke3 Rf8 56. Kf2 Kf4 57. Rxa3 Kxg4 58. Rd3 Rf4 59. Rc3 1/2-1/2